00510cam a22002171 4500001001300000003000400013005001700017008004100034010001700075035002000092040001800112042001200130050001800142100002200160245003700182260001100219300001800230500001600248500001100264999001700275sa 68007870 DLC20260227112526.0890705s1966 ii 000 0 beno  asa 68007870  a(OCoLC)19963471 aDLCcWaUdDLC apremarc00aPK1718.B6bM31 aBose, Buddhadeva.10aMarace-par̥ā perekera gāna. c[1966] a69 p.c23 cm. aIn Bengali. aPoems. c82070d82070